| 000 | 00000nam##2200000za#4500 |
| 001 | 9.570204 |
| 003 | CaOODSP |
| 005 | 20210624182129 |
| 007 | cr ||||||||||| |
| 008 | 150406|2007||||xxc|||||o f|0| 0 eng|d |
| 040 | |aCaOODSP|beng |
| 043 | |an-cn--- |
| 086 | 1 |aNH18-1-2/184-2007E-PDF |
| 110 | 2 |aCanada Mortgage and Housing Corporation. |
| 245 | 10|aSupportive housing for homeless and hard-to-house seniors : |h[electronic resource]|ban in-depth case study of Fairway Woods, final report / |cprepared by Nancy Gnaedinger. |
| 246 | 1 |iAdditional title (within publication) : |aLogements avec services de soutien à l'intention des personnes âgées sans abri et difficiles à loger : étude de cas approfondie |
| 260 | |aOttawa - Ontario : |bCanada Mortgage and Housing Corporation |cJuly 2007 (final report), September 2007 (Research highlight). |
| 300 | |a157p.|bfigs., map, tables, photographs |
| 490 | 1 |aResearch report |
| 500 | |aIncludes: Research highlight (Socio-economic series 07-017, September 2007) under the same title. Y compris : Le point en recherche (Série socio-économique 07-017, septembre 2007) sous le titre « Logements avec services de soutien à l'intention des personnes âgées sans abri et difficiles à loger : étude de cas approfondie ». |
| 546 | |a(Le point en recherche en français.) |
| 590 | |a11-26-Supp|b2011-11-03 |
| 720 | 1 |aGnaedinger, Nancy |
| 830 | #0|aResearch report (Canada Mortgage and Housing Corporation : Online)|w(CaOODSP)9.506068 |
| 856 | 40|ahttp://publications.gc.ca|qPDF|s3.97 MB|uhttps://publications.gc.ca/collections/collection_2011/schl-cmhc/nh18-1-2/NH18-1-2-184-2007-eng.pdf |